| 000 | 00608nam a22001571 4500 | ||
|---|---|---|---|
| 082 | 0 | 0 | _a016.53 |
| 100 | 1 |
_aNottingham, Wayne B. _936987 |
|
| 245 | 1 | 0 |
_aBibliography on physical electronics, _cprepared by Wayne B. Nottingham and staff: Patricia Chefurka [and others. |
| 250 | _a1st ed. | ||
| 260 |
_aCambridge] _bResearch Laboratory of Electronics, Massachusetts Institute of Technology; [distributed by Addison-Wesley Pub. Co.] _cc1954. |
||
| 300 |
_aix, 428 p. _c24 cm. |
||
| 526 |
_a0 _b0 _c0 _d016_530000000000000 |
||
| 650 | 0 |
_aElectronics _xBibliography. _936988 |
|
| 650 | 0 |
_aMCE _9379 |
|
| 942 |
_2ddc _cBK |
||
| 999 |
_c541900 _d541900 |
||